| 000 | 00595nam a2200229Ia 4500 | ||
|---|---|---|---|
| 005 | 20240321130436.0 | ||
| 008 | 131103s9999 xx 000 0 und d | ||
| 020 | _a0 582 32092 5 | ||
| 040 | _aLoreto College | ||
| 041 | _aEnglish | ||
| 082 |
_a150.287 _bJAC |
||
| 100 | _aJackson, Stephen | ||
| 245 | 2 |
_aA Teacher's Guide to Tests and Testing _cStephen Jackson |
|
| 250 | _a2nd ed. | ||
| 260 |
_aLondon _bLongmans _c1971 |
||
| 300 |
_axiv.162p. _b ill., chart |
||
| 440 | _aEducation today | ||
| 504 | _aIncludes index | ||
| 650 | _aPsychology | ||
| 850 | _aLCBED | ||
| 942 | _cBK | ||
| 999 |
_c27446 _d77925 |
||